| 000 | 01131pam a2200301 i 4500 | ||
|---|---|---|---|
| 001 | 819367 | ||
| 003 | OSt | ||
| 005 | 20151008085404.0 | ||
| 008 | 761118r1977 nyu b 001 0 eng | ||
| 010 | _a 76056185 | ||
| 020 |
_a0374929858 : _c$13.00 |
||
| 040 |
_aDLC _cDLC _dDLC |
||
| 043 | _ae-uk--- | ||
| 050 | 0 | 0 |
_aHD9041.5 _b.G3 1977 |
| 082 | 0 | 0 | _a382/.41/310941 |
| 100 | 1 |
_aGalpin, William Freeman, _d1890-1963. |
|
| 245 | 1 | 4 |
_aThe grain supply of England during the Napoleonic period : _ba thesis / _cby W. Freeman Galpin. |
| 260 |
_aNew York : _bOctagon Books, _c1977, c1925. |
||
| 300 |
_axi, 305 p. ; _c24 cm. |
||
| 500 | _aOriginally presented as the author's thesis, University of Pennsylvania, 1925. | ||
| 500 | _aReprint of the ed. published by Macmillan, New York, which was issued as v. 6 of the University of Michigan publications: History and political science. | ||
| 500 | _aIncludes index. | ||
| 504 | _aBibliography: p. 259-281. | ||
| 650 | 0 |
_aGrain trade _zGreat Britain _xHistory. |
|
| 650 | 0 | _aCorn laws (Great Britain) | |
| 906 |
_a7 _bcbc _corignew _d1 _eocip _f19 _gy-gencatlg |
||
| 942 |
_2lcc _cBK |
||
| 999 |
_c250299 _d250299 |
||